000
00235nam a2200109Ia 4500
008
190216s9999||||xx |||||||||||||| ||und||
100
_a
V K N
245
0
_a
Payyan Kathakal
260
_b
Nbs Kottayam
650
_a
Kathakal
942
_c
BK
999
_c
26138
_d
26138